<?xml version='1.0' encoding='UTF-8'?>
  <record xmlns="http://www.loc.gov/MARC21/slim">
    <leader>00000cam a2200000 i 4500</leader>
    <controlfield tag="001">ocn907599305</controlfield>
    <controlfield tag="003">OCoLC</controlfield>
    <controlfield tag="005">20250803042813.2</controlfield>
    <controlfield tag="008">890712s1620    ne            000 0 dut d</controlfield>
    <datafield tag="040" ind1=" " ind2=" ">
      <subfield code="a">NLGGC</subfield>
      <subfield code="b">dut</subfield>
      <subfield code="e">fobidrtb</subfield>
      <subfield code="c">NLGGC</subfield>
      <subfield code="d">OCLCO</subfield>
      <subfield code="d">QGE</subfield>
      <subfield code="d">OCLCA</subfield>
      <subfield code="d">OCLCO</subfield>
      <subfield code="d">OCLCA</subfield>
      <subfield code="d">OCLCL</subfield>
      <subfield code="d">OCLCQ</subfield>
    </datafield>
    <datafield tag="029" ind1="0" ind2=" ">
      <subfield code="a">NLGGC</subfield>
      <subfield code="b">054064848</subfield>
    </datafield>
    <datafield tag="035" ind1=" " ind2=" ">
      <subfield code="a">(OCoLC)907599305</subfield>
    </datafield>
    <datafield tag="090" ind1=" " ind2=" ">
      <subfield code="a">PF689</subfield>
      <subfield code="b">.S39</subfield>
    </datafield>
    <datafield tag="100" ind1="1" ind2=" ">
      <subfield code="a">Smyters, Anthoni,</subfield>
      <subfield code="c">reken- en schrijfmeester,</subfield>
      <subfield code="d">ca. 1545-ca. 1625.</subfield>
      <subfield code="1">https://id.oclc.org/worldcat/entity/E39PCjJJ86DqRTMyf9vcqbdjP3</subfield>
    </datafield>
    <datafield tag="245" ind1="1" ind2="0">
      <subfield code="a">Epitheta, dat zijn bynamen oft toenamen /</subfield>
      <subfield code="c">beschreven door Anthoni Smyters. Een boeck, met alleenlijck bequaem ende dienstlyck voor alle die de poëten-konste beminnen, maer oock om alle andere Nederduytsche compositien te vercieren. Met oock korte uitlegghinghe van zommighe sware namen ende woorden.</subfield>
    </datafield>
    <datafield tag="246" ind1="3" ind2=" ">
      <subfield code="a">Epitheta</subfield>
    </datafield>
    <datafield tag="260" ind1=" " ind2=" ">
      <subfield code="a">Tot Rotterdam :</subfield>
      <subfield code="b">by Jan van Waesberghe, #aen de Merct, inde Fame#,</subfield>
      <subfield code="c">1620.</subfield>
    </datafield>
    <datafield tag="300" ind1=" " ind2=" ">
      <subfield code="a">[420] p. ;</subfield>
      <subfield code="c">in-8.</subfield>
    </datafield>
    <datafield tag="336" ind1=" " ind2=" ">
      <subfield code="a">tekst</subfield>
      <subfield code="b">txt</subfield>
      <subfield code="2">rdacontent/dut</subfield>
    </datafield>
    <datafield tag="337" ind1=" " ind2=" ">
      <subfield code="a">zonder medium</subfield>
      <subfield code="b">n</subfield>
      <subfield code="2">rdamedia/dut</subfield>
    </datafield>
    <datafield tag="338" ind1=" " ind2=" ">
      <subfield code="a">band</subfield>
      <subfield code="b">nc</subfield>
      <subfield code="2">rdacarrier/dut</subfield>
    </datafield>
    <datafield tag="500" ind1=" " ind2=" ">
      <subfield code="a">.?.8 A-2B8 2C4.</subfield>
    </datafield>
    <datafield tag="650" ind1=" " ind2="0">
      <subfield code="a">Dutch language</subfield>
      <subfield code="x">Epithets.</subfield>
    </datafield>
    <datafield tag="650" ind1=" " ind2="6">
      <subfield code="a">Néerlandais (Langue)</subfield>
      <subfield code="x">Épithètes.</subfield>
    </datafield>
    <datafield tag="710" ind1="0" ind2=" ">
      <subfield code="a">Waesberge, Jan van (II, Rotterdam)</subfield>
      <subfield code="4">prt</subfield>
      <subfield code="0">(NL-LeOCL)112190189</subfield>
    </datafield>
    <datafield tag="758" ind1=" " ind2=" ">
      <subfield code="a">Epitheta, dat zijn bynamen oft toenamen, beschreven door Anthoni Smyters van Antwerpen een boeck, niet alleenlijck bequaem ende dienstlijck voor alle die de poëten-konste beminnen, maer oock om alle andere Nederduytsche compositien te vercieren met oock korte uutlegghinghe van zommighe sware namen ende woorden (Text)</subfield>
      <subfield code="1">https://id.oclc.org/worldcat/entity/E39PCYvYjRPbfVjxyGC4hhMRYX</subfield>
      <subfield code="4">https://id.oclc.org/worldcat/ontology/hasWork</subfield>
    </datafield>
    <datafield tag="776" ind1="0" ind2=" ">
      <subfield code="t">Epitheta, dat zijn bynamen oft toenamen</subfield>
      <subfield code="w">(NL-LeOCL)406941475</subfield>
    </datafield>
    <datafield tag="776" ind1="0" ind2=" ">
      <subfield code="t">Epitheta, dat zijn bynamen oft toenamen</subfield>
      <subfield code="w">(NL-LeOCL)408362928</subfield>
    </datafield>
    <datafield tag="936" ind1=" " ind2=" ">
      <subfield code="a">BATCHLOAD</subfield>
    </datafield>
  </record>